The trouble with allies: America needs a playbook for difficult friends (Record no. 527813)
[ view plain ]
| 000 -LEADER | |
|---|---|
| fixed length control field | 01139nam a22001457a 4500 |
| 008 - FIXED-LENGTH DATA ELEMENTS--GENERAL INFORMATION | |
| fixed length control field | 240925b ||||| |||| 00| 0 eng d |
| 100 ## - MAIN ENTRY--PERSONAL NAME | |
| Personal name | Haass, Richard |
| 245 ## - TITLE STATEMENT | |
| Title | The trouble with allies: America needs a playbook for difficult friends |
| 260 ## - PUBLICATION, DISTRIBUTION, ETC. (IMPRINT) | |
| Place of publication, distribution, etc | Foreign Affairs |
| 300 ## - PHYSICAL DESCRIPTION | |
| Extent | 103(5), Sep-Oct, 2024: p.89-105 |
| 520 ## - SUMMARY, ETC. | |
| Summary, etc | Immediately after Hamas’s October 7, 2023, attack, U.S. President Joe Biden agreed with Israeli Prime Minister Benjamin Netanyahu that Israel had the right to defend itself. But in the months that followed, disagreements mounted over how that right was exercised. The Biden administration disapproved of Israel’s at times indiscriminate military campaign in Gaza, its restrictions on the flow of humanitarian aid, its failure to stop the construction of new Jewish settlements and settler attacks on Palestinians in the West Bank, and its prioritization of the war on Hamas over negotiations to release hostages. – Reproduced https://www.foreignaffairs.com/united-states/trouble-allies-richard-haass |
| 773 ## - HOST ITEM ENTRY | |
| Main entry heading | Foreign Affairs |
| 906 ## - LOCAL DATA ELEMENT F, LDF (RLIN) | |
| Subject DIP | INTERNATIONAL RELATIONS |
| 942 ## - ADDED ENTRY ELEMENTS (KOHA) | |
| Item type | Articles |
| Withdrawn status | Lost status | Source of classification or shelving scheme | Damaged status | Not for loan | Permanent location | Current location | Date acquired | Serial Enumeration / chronology | Barcode | Date last seen | Koha item type |
|---|---|---|---|---|---|---|---|---|---|---|---|
| Indian Institute of Public Administration | Indian Institute of Public Administration | 2024-09-25 | 103(5), Sep-Oct, 2024: p.89-105 | AR133246 | 2024-09-25 | Articles |
